The pilgrimage of western man

Zapisane w:
Opis bibliograficzny
1. autor: Barr, Stringfellow
Format: Książka
Język:Undetermined
Wydane: New York Harcourt, Brace 1949
Hasła przedmiotowe:
Etykiety: Dodaj etykietę
Nie ma etykietki, Dołącz pierwszą etykiete!
Thư viện lưu trữ: Trung tâm Học liệu Trường Đại học Cần Thơ
LEADER 00499nam a2200193Ia 4500
001 CTU_89280
008 210402s9999 xx 000 0 und d
082 |a 901 
082 |b B268 
100 |a Barr, Stringfellow 
245 4 |a The pilgrimage of western man 
245 0 |c Stringfellow Barr 
260 |a New York 
260 |b Harcourt, Brace 
260 |c 1949 
650 |a Civilization 
650 |x Philosophy 
904 |i Nguyên 
980 |a Trung tâm Học liệu Trường Đại học Cần Thơ